Mechanics of Materials/ (Record no. 212542)

MARC details
000 -LEADER
fixed length control field 00582nam a22001937a 4500
005 - DATE AND TIME OF LATEST TRANSACTION
control field 20250724120906.0
010 ## - LCCN (DPL NO)
LC control number ENG-146111
020 ## - INTERNATIONAL STANDARD BOOK NUMBER
International Standard Book Number 9789367133910
Terms of availability 1060.00
035 ## - SYSTEM CONTROL NUMBER
System control number EN-129643
037 ## - SOURCE OF ACQUISITION
Source of stock number/acquisition DBAD
082 ## - DEWEY DECIMAL CLASSIFICATION NUMBER
Classification number 621
Edition number 11
100 ## - MAIN ENTRY--PERSONAL NAME
Personal name Hibbeler, R.C.
245 ## - TITLE STATEMENT
Title Mechanics of Materials/
Statement of responsibility, etc R.C. Hibbeler
250 ## - EDITION STATEMENT
Edition statement 11
260 ## - PUBLICATION, DISTRIBUTION, ETC. (IMPRINT)
Place of publication, distribution, etc Noida
Name of publisher, distributor, etc Pearson India Education
Date of publication, distribution, etc 2025
270 ## - ADDRESS
Address 15th Floor, Towe-B, World Trade Tower, Plot No.1, Block-C, Sector-16
City Noida
Postal code 201301
300 ## - PHYSICAL DESCRIPTION
Extent 886p.
Dimensions 25cm(pb)
Other physical details Index
942 ## - ADDED ENTRY ELEMENTS (KOHA)
Source of classification or shelving scheme Dewey Decimal Classification
Item type English Books
Classification part 621
Call number suffix HIB
Holdings
Withdrawn status Lost status Not for loan Collection code Home library Current library Date acquired Source of acquisition Cost, normal purchase price Full call number Barcode Copy number Cost, replacement price Koha item type
      Non-fiction Central Library Central Library 24/07/2025 Delivery of Books Act Division 1060.00 621 HIB EN-129643 1 1060.00 English Books

© Delhi Public Library
Hit Counter
free hit counter